Bibliografia k dejinám východného Slovenska Časť 3. Socializmus

Bibliographic Details
Main Author: Repčák, Jozef, 1911-1982 (Author)
Format: Book
Language:Slovak
PhysicalDescription:548 - 713, 16 s.
Published: Košice Štátna vedecká knižnica 1962
Series:Bibliografie východného Slovenska
Subjects:

MARC

LEADER 00000cam a2200000 a 4500
001 vtls001561156
003 SK-MaSNL
005 20260426001954.0
008 240314 xo 000 0 slo
040 |a SNK  |b slo  |c SNK  |e AACR2 
041 0 |a slo 
080 |a 94(437.67)  |2 2001 
080 |a (016)  |2 2001 
100 1 |a Repčák, Jozef,  |d 1911-1982  |4 aut  |9 110178 
245 1 0 |a Bibliografia k dejinám východného Slovenska  |n Časť 3.  |p Socializmus  |c Jozef Repčák 
260 |a Košice  |b Štátna vedecká knižnica  |c 1962 
300 |a 548 - 713, 16 s. 
490 0 |a Bibliografie východného Slovenska 
650 0 7 |a bibliografie regionálne  |2 SNK  |9 469273 
651 7 |a Slovensko východné  |2 SNK  |9 161134 
655 7 |a neperiodické bibliografie  |2 SNKPH  |9 60408 
830 0 |a Bibliografie východného Slovenska  |9 588762 
958 |a OND 
999 |c 905596  |d 907526 
952 |a SNK  |b SNK  |y PREZ  |7 0  |p 17A0259670  |o snkSB 9628/3  |i snkKSP 70/63  |0 0  |1 0  |4 0  |d 2006-02-07  |f 1  |l 0  |r 2025-03-04 00:00:00  |w 2026-02-24 
952 |a SNK  |b SNK  |y VYP  |7 0  |p 17A0259645  |o snkSB 9628/3 D1  |i snkF 1784/91  |0 0  |1 0  |4 0  |d 2005-04-21  |l 0  |r 2026-02-24 07:27:21  |w 2026-02-24